Wird geladen...

Malayala grantha suchi (vol.7)/

Bibliographische Detailangaben
Weitere Verfasser: Govi K M (ed.)
Format: Printed Book
Veröffentlicht: Thrissur: Kerala Sahitya Academi, 1997.
Schlagworte:
LEADER 00554nam a22001451a 4500
082 |a M 011.09  |b GOV/M.7 
245 |a Malayala grantha suchi (vol.7)/  |c by Govi K M (ed.) 
260 |a Thrissur:  |b Kerala Sahitya Academi,  |c 1997. 
300 |a 424p. 
650 |a Bibliography Malayalam Language  |9 170866 
650 |a Bibliography  |9 170867 
700 |a Govi K M (ed.)  |9 170868 
942 |c BK 
999 |c 27086  |d 27086 
952 |0 0  |1 0  |4 0  |6 R_M_011_090000000000000_GOV_M_7  |7 0  |9 38936  |a SSUS  |b SSUS  |c REF  |d 2015-01-08  |g 102.00  |o R M 011.09 GOV/M.7  |p 037625  |r 2015-01-08  |v 0.00  |w 2015-01-08  |y REF